000 01045nam a2200289 i 4500
003 EG-GICUC
005 20260422072634.0
008 260422s1922 fr |||fr|||| 00| 0 fre d
040 _aEG-GiCUC
_bfre
_cEG-GiCUC
_dEG-GiCUC
_eRda
041 _afre
082 0 4 _221
_a343.5
_bTR . D
092 0 4 _221
099 _aLaw1 10 343.5 TR . D 1922
100 1 _aTravers, Maurice
_eAuteur
245 1 3 _aLe droit pénal international et sa mise en oeuvre en temps de paix et en temps de guerre
_nTome V /
_cpar Maurice Travers.
_pExtradition (suite et fin). Action civile. Tables générales.
264 1 _aParis :
_bLibrairie de la Société du Recueil Sirey,
_c1922.
300 _a757 page ;
_c 24 cm.
336 _2rda contenu
_a texte
337 _2rda medias
_aOrdinateur
338 _2 transporteur rda
_a Ressource en ligne
546 _aTexte en français
650 1 4 _aDroit pénal international
_2qrmak
651 1 _2qrmak
856 4 0 _uhttps://fll.law.cu.edu.eg/fulltext/bks/B10-10584.pdf
905 _a161
942 _2ddc
_cBK
_e21
_n0
999 _c72762
_d72762